| 000 | 00319 a2200121 4500 | ||
|---|---|---|---|
| 001 | 63095 | ||
| 082 | _a297.63 WAH | ||
| 090 |
_c37266 _d37266 |
||
| 100 | _aAbdul Waheed Khan | ||
| 245 |
_aThe Personality of Allah's last messenger (Muhammas PBUH) _hEnglish |
||
| 260 |
_aPakistan _bAbdul Waheed Khan |
||
| 300 | _a117p | ||
| 942 |
_aCAE NUST _k297.63 WAH |
||
| 999 |
_c298168 _d298168 |
||